000 00808nam0a22002531 4500
001 rc\4550632
005 20260405061037.0
021 _aRU
_b[59-36202]
035 _a(NLR Aleph) 008641087
090 _a8942679
_c8942679
100 _a20130416d1959 |||y0rusy50 ca
101 0 _arus
102 _aRU
105 _aa z |||||
200 1 _aСказки Тихого Дона
_e[Для детей]
210 _aРостов-на-Дону
_cКн. изд-во
_d1959
215 _a71 с., 6 л. ил.
_cил.
_d23
608 _aСказки донские (д. л.)
_2psbo
700 1 _8rus
_7ca
_aЛебеденко
_bП.В.
_f1916-2003
_gПетр Васильевич
_3RU\NLR\auth\7720172
_93240
801 0 _aRU
_bNLR
_gpsbo
801 1 _aRU
_bELAR
_2rusmarc
852 _aNLR
_j59-6/5754
942 _cBOOK
980 _aNB